Guess Twice MV From Screenshots - Statistics

General Stats
  • This quiz has been taken 77 times
  • The average score is 23 of 47
Answer Stats
Picture Answer % Correct
Fancy
75%
Feel Special
75%
I Can't Stop Me
75%
Nayeon - ABCD
75%
The Feels
75%
Likey
74%
Moonlight Sunrise
72%
Set Me Free
72%
Strategy
72%
Dance The Night Away
68%
Scientist
68%
TT
68%
Knock Knock
67%
Like Ooh-Ahh
67%
Cheer Up
65%
Doughnut
65%
More & More
63%
Perfect World
63%
Talk that Talk
63%
One Spark
61%
Signal
61%
I Got You
60%
Yes or Yes
60%
Nayeon - POP!
53%
Misamo - Identity
51%
What is Love?
49%
Hare Hare
42%
BDZ
40%
Alcohol-Free
39%
The Best Thing I Ever Did
39%
Heart Shaker
37%
Dive
35%
Misamo - Marshmallow
35%
One More Time
35%
Jihyo - Killin' Me Good
33%
Tzuyu - Run Away
32%
Fake & True
26%
Happy Happy
23%
Misamo - Do Not Touch
23%
Misamo - New Look
23%
I Want You Back
21%
Fanfare
19%
Brand New Girl
18%
Celebrate
18%
Better
14%
Wake Me Up
11%
Kura Kura
7%
No matching quizzes found
Score Distribution
Percent of People with Each Score
Percentile by Number Answered
Your Score History
You have not taken this quiz